000 00563nam a2200181Ia 4500
001 20091
005 20260306172740.0
008 260306t2013||||xx |||||||||||||| ||spa||
041 _aESP
082 _a342.211
_bP35 T. 4 V. 3 L. 1
100 _aPeces-Barba Martínez, Gregorio
_eAUT
245 0 _aHistoria de los derechos fundamentales. Tomo IV:
_bsiglo XX: Volumen 3: libro 1. El reconocimiento universal de los derechos humanos
260 _c2013
300 _axxvi, 781 páginas :
_c24 cm.
650 _aGEN
654 _aCDE
942 _cLIB
_dJUS
_fJUS
_2ddc
_n
999 _c20091
_d20091